00566nam a2200205 u 4500001001000000003000900010005001700019008004100036020001800077040002500095082001600120245004400136260004200180300002800222700002700250710003000277710002200307942001400329999001700343000020712DO-SdBNP20250626112503.0100813s2001 xxu r 000 0 spa d a9780395937761 aDO-SdBNPbspacBPJMB axxxxbL334a00aÁlgebra 1 /cRon Larson ... [et al.]. aIllinois :bMcDougal Littell ,c2001. a834 p. :bil. ;c26 cm.1 aBoswell, Laurie9434581 aKanold, Timothy D.9434591 aStiff, Lee943460 2ddccLBS1 c20216d20216